|
|
|
|
| LEADER |
01293nab#a2200373#ar4500 |
| 001 |
000074441 |
| 003 |
SVKKK |
| 005 |
20101028130742.0 |
| 008 |
080512d1914 xo |||||||||||||||b|hun |
| FMT |
|
|
|
| 038 |
|
|
|a SVKKK
|
| 040 |
|
|
|a SVKKK
|b slo
|e AACR2
|
| 041 |
0 |
|
|a hun
|
| 044 |
|
|
|a xo
|c SK
|
| 080 |
|
|
|a 329.7
|2 1997
|
| 080 |
|
|
|a 061.2
|2 1997
|
| 080 |
|
|
|a 929 Haraszthy, Mikuláš
|2 1997
|
| 242 |
1 |
0 |
|a Výročná schôdza humenského kasína-
|y slo
|
| 245 |
1 |
0 |
|a A homonnai Kaszinó közgyülése-
|
| 500 |
|
|
|a mikrofilm
|
| 520 |
2 |
|
|a Správa o tom, že počas výročnej schôdze humenského kasína prebehli v Humennom vo februári 1914 aj voľby predstavenstva. Zvolené bolo staré predstavenstvo aj s Mikulášom Haraszthym ako predsedom
|
| 600 |
1 |
4 |
|a Haraszthy, Mikuláš st.
|d 1878-19??
|x notár, hlavný slúžny
|x Humenné (Slovensko)
|x pôsobenie
|
| 610 |
2 |
4 |
|a kasíno (Humenné, Slovensko)
|x schôdza výročná
|y február 1914
|
| 650 |
0 |
4 |
|a voľby predstavenstva
|
| 655 |
|
4 |
|a hungariká
|
| 773 |
0 |
|
|t Felvidéki Hirlap
|g Roč. 7, č. 9 (01.03.1914) s. 2
|
| 957 |
|
|
|a Humenné
|
| 958 |
|
|
|a DG
|
| 958 |
|
|
|a HU
|
| 974 |
|
|
|a Ba
|
| 992 |
|
|
|a RBX
|
| 997 |
|
|
|a Haraszthy, Miklós p. Haraszthy, Mikuláš
|c Kasíno, Humenné
|d Homonna p. Humenné
|
| BAS |
|
|
|
| 998 |
|
|
|a RETRO
|